Крещеный китаец: роман

Bibliografiset tiedot
Päätekijä: Белый А. Андрей
Yhteenveto:Исключено из фонда НТБ ТПУ
Kieli:venäjä
Julkaistu: Москва, Панорама, 1992
Painos:Репринтное воспроизведение
Aineistotyyppi: MixedMaterials Kirja
KOHA link:https://koha.lib.tpu.ru/cgi-bin/koha/opac-detail.pl?biblionumber=133259

MARC

LEADER 00000nam0a2200000 4500
001 133259
005 20231101220422.0
010 |a 5852200646 
020 |a RU  |b 92-10272 
035 |a (RuTPU)RU\TPU\book\144395 
090 |a 133259 
100 |a 20080314d1992 m y0rusy5003 ca 
101 0 |a rus 
102 |a RU 
105 |a y z 000ay 
200 1 |a Крещеный китаец  |e роман  |f А. Белый 
205 |a Репринтное воспроизведение 
210 |a Москва  |c Панорама  |d 1992 
215 |a 235 с. 
333 |a Исключено из фонда НТБ ТПУ 
700 1 |a Белый  |b А.  |c русский писатель, поэт  |c символист  |c настоящие имя и фамилия Бугаев Борис Николаевич  |f 1880-1934  |g Андрей  |9 243 
801 0 |a RU  |b RuMRKP  |c 19950417  |g psbo 
801 1 |a RU  |b 63413507  |c 20080314  |g PSBO 
801 2 |a RU  |b 63413507  |c 20220513  |g PSBO 
942 |c BK